000 00411nam a2200181Ia 4500
005 20250423094736.0
008 250422s9999 xx 000 0 und d
020 _a0421647205
050 _aKN 10 .C5/
245 0 _aChitty on Contract
250 _a28th ed.
260 _aLondon
260 _bSweet & Maxwell
260 _c1999
300 _a1361 p
650 _aContracts--Great Britain.
942 _cBK
999 _c28159
_d28159